UITU Library & LRC     

Solutions Manual to Accompany Structural Analysis (Record no. 3785)

MARC details
000 -LEADER
fixed length control field 00464nam a2200181Ia 4500
008 - FIXED-LENGTH DATA ELEMENTS--GENERAL INFORMATION
fixed length control field 240925s9999 xx 000 0 und d
020 ## - INTERNATIONAL STANDARD BOOK NUMBER
International Standard Book Number 63663252
082 ## - DEWEY DECIMAL CLASSIFICATION NUMBER
Classification number 624.171 SMI
100 ## - MAIN ENTRY--PERSONAL NAME
Personal name Smith, J. C.
245 #0 - TITLE STATEMENT
Title Solutions Manual to Accompany Structural Analysis
250 ## - EDITION STATEMENT
Edition statement NA
260 ## - PUBLICATION, DISTRIBUTION, ETC.
Place of publication, distribution, etc. New York:
Name of publisher, distributor, etc. Harpper and Row
Date of publication, distribution, etc. ,1988.
300 ## - PHYSICAL DESCRIPTION
Extent 245p.
Other physical details NA
Type of unit Original
500 ## - GENERAL NOTE
General note NA
600 ## - SUBJECT ADDED ENTRY--PERSONAL NAME
Personal name Electronic Engineering
650 ## - SUBJECT ADDED ENTRY--TOPICAL TERM
Topical term or geographic name entry element Technology
942 ## - ADDED ENTRY ELEMENTS (KOHA)
Koha item type Books
Holdings
Withdrawn status Lost status Damaged status Not for loan Collection Home library Current library Date acquired Source of acquisition Total checkouts Full call number Barcode Date last seen Price effective from Koha item type
Write Off       Electrical Engineering UITU Library UITU Library 01/25/1997 UIT Fruit Canada   624.171 SMI Q1286 09/25/2024 09/25/2024 Books

Powered by Koha